000 00779cam a2200217 4500
001 WB3913-16
008 030401n2003 000 0 eng u
035 _a(Sirsi) u121862
245 _aHousing gap fund to extend mixed use
260 _c2003
490 _aRegeneration and Renewal
_v28 March 2003, 1(1)
520 _aThe EC has given permission for government to extend its planned gap funding scheme for housing to developers requiring funding for mixed-use projects as well as social and rented housing rather than just owner-occupied housing.
590 _aWB
650 _aGAP FUNDING
650 _aREGENERATION SCHEMES
650 _aMIXED-USE DEVELOPMENTS
650 _aMIXED TENURE
650 _aHOUSING DEVELOPMENTS
690 _aREGENERATION
942 _n0
999 _c72417
_d72417